[Sagrada Familia] (Record no. 102915)

MARC details
000 -LEADER
campo de control de longitud fija 02199nka a2200397 i 4500
001 - NÚMERO DE CONTROL
campo de control 102915
003 - IDENTIFICADOR DE NÚMERO DE CONTROL
campo de control ES-MaACL
005 - FECHA Y HORA DE LA ÚLTIMA TRANSACCIÓN
campo de control 20250823041147.0
007 - CAMPO FIJO DE DESCRIPCIÓN FÍSICA--INFORMACIÓN GENERAL
campo de control de longitud fija t|
008 - DATOS DE LONGITUD FIJA--INFORMACIÓN GENERAL
campo de control de longitud fija 051219q1800 sp f | |r||1c|spa
100 1# - ENTRADA PRINCIPAL--NOMBRE DE PERSONA
Nombre de persona Folo, Giovanni,
Fechas asociadas al nombre 1764-1836
Término indicativo de función/relación Grabador
9 (RLIN) 51476
245 11 - MENCIÓN DEL TÍTULO
Título [Sagrada Familia]
Medio [Material gráfico] /
Mención de responsabilidad, etc. Pintado por Rafael de Urbino ; Dibuxado por Josef Camaron ; Grabado por Gio. Folo Veneto en Roma
260 ## - PUBLICACIÓN, DISTRIBUCIÓN, ETC.
Lugar de publicación, distribución, etc. Roma :
Nombre del editor, distribuidor, etc. [s.n.,
Fecha de publicación, distribución, etc. ca. 1800]
300 ## - DESCRIPCIÓN FÍSICA
Extensión 1 estampa :
Otras características físicas grabado calcográfico ;
Dimensiones 562 x 392 mm.
490 1# - MENCIÓN DE SERIE
Mención de serie Colección facticia de grabados ;
Designación de volumen o secuencia 3
RLIN 184692
500 ## - NOTA GENERAL
Nota general Inscripción: "Esta Sagrada Familia, que está en el Real Palacio de Madrid, se tiene por original del célebre Rafael de Urbino, pues aunque se encuentra algun otro quadro en todo semejante, que se cree del mismo autor, todos saben que repitió algunas de sus pinturas, lo qual sin duda sucedio con ésta. Tiene de alto quatro pies de rey y tres pulgadas, y de ancho tres pies y cinco pulgadas."
500 ## - NOTA GENERAL
Nota general Estampa perteneciente a la "Compañía para el grabado de los cuadros de los reales palacios", constituida en Madrid entre 1789-1797. En 1818 las planchas, estampas y dibujos pasaron a la Calcografía
530 ## - NOTA DISPONIBLE DE FORMULARIO FÍSICO ADICIONAL
Nota de formato físico adicional disponible Disponible en formato digital
600 04 - PUNTO DE ACCESO ADICIONAL DE MATERIA--NOMBRE DE PERSONA
Nombre de persona Virgen María
9 (RLIN) 115436
600 04 - PUNTO DE ACCESO ADICIONAL DE MATERIA--NOMBRE DE PERSONA
Nombre de persona Niño Jesús
9 (RLIN) 241943
600 04 - PUNTO DE ACCESO ADICIONAL DE MATERIA--NOMBRE DE PERSONA
Nombre de persona Isabel,
Títulos y otros términos asociados al nombre Santa
9 (RLIN) 241807
600 04 - PUNTO DE ACCESO ADICIONAL DE MATERIA--NOMBRE DE PERSONA
Nombre de persona Juan Bautista,
Títulos y otros términos asociados al nombre Santo
9 (RLIN) 241944
650 #7 - PUNTO DE ACCESO ADICIONAL DE MATERIA--TÉRMINO DE MATERIA
Término de materia o nombre geográfico como elemento de entrada Sagrada Familia
Fuente del encabezamiento o término embne
9 (RLIN) 16965
655 #7 - TERMINO DE INDIZACIÓN--GENERO/FORMA
Datos o término principal de género/forma Grabados calcográficos
Fuente del término tgfbne
9 (RLIN) 241761
655 #7 - TERMINO DE INDIZACIÓN--GENERO/FORMA
Datos o término principal de género/forma Grabados
Fuente del término tgfbne
9 (RLIN) 226846
655 #4 - TERMINO DE INDIZACIÓN--GENERO/FORMA
Datos o término principal de género/forma Reproducciones de obras de arte
9 (RLIN) 241931
700 0# - ENTRADA AGREGADA--NOMBRE PERSONAL
Nombre de persona Raffaello,
Fechas asociadas al nombre 1483-1520
Término indicativo de función/relación Artista
9 (RLIN) 94962
700 1# - ENTRADA AGREGADA--NOMBRE PERSONAL
Nombre de persona Camarón Bonanat, José,
Fechas asociadas al nombre 1731-1803
Término indicativo de función/relación Dibujante
9 (RLIN) 153327
830 #0 - PUNTO DE ACCESO ADICIONAL DE SERIE-TÍTULO UNIFORME
Título uniforme Colección facticia de grabados ;
Designación de volumen o secuencia 3
9 (RLIN) 184692
852 4# - LOCALIZACIÓN
Ubicación ES-MaACL
Ubicación en estantería Depósito 2
Número de control de estantería GF-2(3)
856 4# - LOCALIZACIÓN Y ACCESO ELECTRÓNICOS
Identificador Uniforme de Recursos <a href="https://bdh-rd.bne.es/viewer.vm?id=0000151855&page=1">https://bdh-rd.bne.es/viewer.vm?id=0000151855&page=1</a>
Texto de enlace Versión en línea
Nota pública (Biblioteca Digital Hispánica)
856 4# - LOCALIZACIÓN Y ACCESO ELECTRÓNICOS
Identificador Uniforme de Recursos <a href="https://patrimoniodigital.ucm.es/s/patrimonio/item/1534117">https://patrimoniodigital.ucm.es/s/patrimonio/item/1534117</a>
Texto de enlace Versión en línea
Nota pública (Patrimonio Digital Complutense)
942 ## - ELEMENTOS DE ENTRADA SECUNDARIOS (KOHA)
Fuente del sistema de clasificación o colocación Clasificación decimal universal
Tipo de ítem Koha Grabado
Suprimir en OPAC No
Holdings
Estatus retirado Estado de pérdida Fuente del sistema de clasificación o colocación Estado de daño No para préstamo Colección Biblioteca de origen Biblioteca actual Ubicación en estantería Fecha de adquisición Total de préstamos Signatura topográfica completa Código de barras Visto por última vez Tipo de ítem Koha
    Clasificación decimal universal     Colección digital Biblioteca del Ateneo de Madrid Biblioteca del Ateneo de Madrid Depósito 2 17/01/2008   GF-2(3) 1107451 23/02/2023 Grabado